|
|
|
|
| LEADER |
00000nab a2200000 a 4500 |
| 001 |
vtls000895579 |
| 003 |
SK-MaSNL |
| 005 |
20260302175255.0 |
| 008 |
040720e19960802xo 0 slo |
| 035 |
|
|
|a KE4610
|
| 040 |
|
|
|a KEVKJB
|b slo
|c KEVKJB
|e AACR2
|
| 041 |
0 |
|
|a slo
|
| 044 |
|
|
|a xo
|c SK
|
| 080 |
|
|
|a 904
|2 1981
|
| 080 |
|
|
|a 719
|2 1981
|
| 100 |
1 |
|
|a Némethová, Renáta
|4 aut
|9 826895
|
| 245 |
1 |
0 |
|a O Mlynskú baštu má záujem Lúč
|b Vypíše mesto súťaž, alebo dostane historickú pamiatku zatiaľ jediný záujemca
|
| 300 |
|
|
|b 1 foto
|
| 650 |
0 |
7 |
|a kultúrne pamiatky
|2 KEVKJB
|9 2862
|
| 650 |
0 |
7 |
|a Mlynská bašta (Košice, Slovensko)
|2 KEVKJB
|9 879703
|
| 650 |
0 |
7 |
|a chátranie
|2 KEVKJB
|9 879480
|
| 650 |
0 |
7 |
|a perspektívy
|2 KEVKJB
|9 290252
|
| 651 |
|
7 |
|a Košice (Slovensko)
|2 KEVKJB
|9 18694
|
| 651 |
|
7 |
|a KE,
|2 KEVKJB
|9 877256
|
| 651 |
|
7 |
|a KE,
|2 KEVKJB
|9 877256
|
| 655 |
|
7 |
|a periodikum
|2 snkbucl
|9 29553
|
| 773 |
0 |
8 |
|t Korzo
|g Roč. 3, č.179, 2.8.1996, s. 6
|
| 852 |
|
|
|a ZVYKNI
|b KIS3GCP
|
| 999 |
|
|
|c 1406526
|d 1408456
|